000 00797nam a22002657a 4500
003 UA-OsUOA
001 21365
007 ta
008 20031129b un ||||| |||| 00| 0 ukr d
100 _aТиркало Р.І.
700 _aЩибиволок З.І.
090 _a336.71(075.8)
_bТ44
942 _cBK
040 _aUA-OsUOA
_bukr
_cUA-OsUOA
_dUA-OsUOA
245 _aФінансовий аналіз комерційного банку: Основи теорії, експрес-діагностика, рейтинг
_bНавчальний посібник
300 _a236 с.
955 _a0
041 _aukr
080 _a336.71(075.8)
020 _a966-535-102-8
260 _aКиїв
_bСлобожанщина
_c1999
044 _aUA
650 7 _2UDC
999 _c307560
_d307560